[Event "Titled Tue 1st Jul Early"]
[Site "chess.com INT"]
[Date "2025.07.01"]
[Round "5"]
[White "Sarveshwaran V"]
[Black "Zakrzewski, Marek"]
[Result "1/2-1/2"]
[WhiteTitle "CM"]
[BlackTitle "FM"]
[WhiteElo "2290"]
[BlackElo "2288"]
[WhiteFideId "25699016"]
[BlackFideId "1170694"]
[EventDate "2025.07.01"]

1. e4 c5 2. Nc3 e6 3. f4 d5 4. exd5 exd5 5. Nf3 Nf6 6. Bb5+ Nc6 7. d4 Be7 8. O-O
O-O 9. Bxc6 bxc6 10. Ne5 Qc7 11. Ne2 Ba6 12. c3 cxd4 13. cxd4 c5 14. Re1 Bxe2
15. Rxe2 cxd4 16. Kh1 Ne4 17. Rc2 Bd6 18. Nf3 Qb6 19. Nxd4 Rac8 20. Be3 Rxc2 21.
Qxc2 Bxf4 22. Bxf4 Qxd4 23. Rf1 h6 24. g3 Re8 25. Kg2 Nf6 26. Rf2 Ng4 27. Rd2
Qe4+ 28. Qxe4 dxe4 29. h3 Nf6 30. Be3 a6 31. b4 Rb8 32. Bc5 Ne8 33. a4 f5 34.
Rd7 g5 35. Ra7 f4 36. gxf4 gxf4 37. Rxa6 Rd8 38. Re6 Rd2+ 39. Kf1 Nc7 40. Rxe4
f3 41. Rf4 Rd3 42. Kf2 Ra3 43. Rxf3 Rxa4 44. Rg3+ Kf7 45. Rb3 Nb5 46. Be3 h5 47.
Kf3 Kg6 48. Bc5 Kf5 49. Rd3 Ke6 50. Kf4 Kf6 51. h4 Ra1 52. Bd4+ Nxd4 53. Rxd4
Rf1+ 54. Kg3 Rb1 55. Rc4 Ke5 56. Rc5+ Kd6 57. Rc4 Ke5 58. Rf4 Rb3+ 59. Rf3 Rxb4
60. Re3+ Kf5 61. Rf3+ Ke5 62. Re3+ Kf5 63. Rf3+ Ke5 1/2-1/2

[Event "Titled Tue 1st Jul Early"]
[Site "chess.com INT"]
[Date "2025.07.01"]
[Round "5"]
[White "Onyshchuk, Volodymyr"]
[Black "Bortnyk, Olexandr"]
[Result "0-1"]
[WhiteTitle "GM"]
[BlackTitle "GM"]
[WhiteElo "2607"]
[BlackElo "2601"]
[WhiteFideId "14114038"]
[BlackFideId "14120828"]
[EventDate "2025.07.01"]

1. Nf3 Nf6 2. g3 b6 3. Bg2 Bb7 4. O-O g6 5. d3 d5 6. c4 e6 7. Nc3 Bg7 8. cxd5
exd5 9. d4 O-O 10. Bf4 Na6 11. Rc1 Qe7 12. a3 c5 13. Nb5 Ne4 14. Nd2 Rfd8 15.
dxc5 Naxc5 16. b4 Ne6 17. e3 Ba6 18. Nxe4 dxe4 19. Qa4 Bxb5 20. Qxb5 g5 21. Be5
a6 22. Qxb6 Bxe5 23. Bxe4 Ra7 24. Rfd1 Rxd1+ 25. Rxd1 Qc7 26. Qxc7 Rxc7 27. Rd5
Bb2 28. Ra5 Rc3 29. a4 Rc4 30. Bd5 Rxb4 31. Bxe6 fxe6 32. Rxa6 Kf7 33. Kg2 g4
34. h3 h5 35. Ra5 Kg6 36. Ra6 Kf5 37. Ra5+ Be5 38. Ra8 Rb2 39. hxg4+ hxg4 40. a5
Ra2 41. a6 Bg7 42. Ra7 Bh6 43. Rf7+ Ke5 44. Kf1 Rxa6 45. Rh7 Bg5 46. Rf7 Bf6 47.
Rf8 Ra1+ 48. Kg2 Ra2 49. Rg8 Kf5 50. Rb8 Rb2 51. Ra8 Rb4 52. Ra5+ e5 53. Ra2 Bg5
54. Rc2 Ke4 55. Ra2 Be7 56. Rc2 Bd6 57. Rc6 Bf8 58. Rg6 Kf5 59. Rg8 Bc5 60. Rc8
Rc4 61. Rc6 Rc2 62. Rc8 Ke4 63. Rc6 Kd5 64. Rc8 Ra2 65. Kf1 Ra1+ 66. Kg2 Ra4 67.
Rg8 Rc4 68. Rg6 Rc2 69. Kf1 Ke4 70. Rg8 Kf3 71. Rf8+ Bxf8 0-1

[Event "Titled Tue 1st Jul Early"]
[Site "chess.com INT"]
[Date "2025.07.01"]
[Round "5"]
[White "Rogov, Matfey"]
[Black "Esipenko, Andrey"]
[Result "0-1"]
[WhiteTitle "FM"]
[BlackTitle "GM"]
[WhiteElo "2348"]
[BlackElo "2679"]
[WhiteFideId "44191308"]
[BlackFideId "24175439"]
[EventDate "2025.07.01"]

1. e4 c5 2. a3 g6 3. Nc3 Bg7 4. Bc4 Nc6 5. d3 e6 6. Ba2 Nge7 7. h4 h6 8. h5 g5
9. f4 gxf4 10. Bxf4 a6 11. Nf3 b5 12. Qd2 Bb7 13. O-O Rc8 14. Kh1 Nd4 15. Rae1
Nec6 16. Bd6 Nxf3 17. Rxf3 Be5 18. Bxc5 Rg8 19. Bf2 Nd4 20. Bxd4 Bxd4 21. Qf4
Rg7 22. Rg3 Rc5 23. e5 Rxe5 24. Ne4 Rxh5+ 25. Rh3 Rxh3+ 26. gxh3 f5 27. Rf1 Kf8
28. Kh2 Kg8 29. Qxf5 Qc7+ 30. Kh1 Qxc2 31. Qf8+ Kh7 32. Qf3 Qxb2 33. Bb1 Be5 34.
Qf2 Qxf2 35. Rxf2 Bxe4+ 36. dxe4 Re7 37. Bd3 Kg7 38. Rc2 d6 39. Rc6 Ra7 40. Rb6
Kf6 41. Kg2 Kg5 42. Rb8 Kf4 43. Kf2 Bd4+ 44. Ke2 Rg7 45. Rf8+ Ke5 46. Kf3 Bc5
47. a4 bxa4 48. Bxa6 a3 49. Bc4 Ra7 50. Re8 a2 51. Rxe6+ Kd4 52. Bxa2 Rxa2 53.
Rxh6 Ra3+ 54. Kf4 Ra1 55. h4 Rf1+ 56. Kg4 Kxe4 57. Rh8 Rg1+ 58. Kh5 d5 59. Kh6
Be3+ 60. Kh7 d4 61. Re8+ Kf3 62. Rf8+ Ke2 63. h5 d3 64. h6 Rh1 65. Kg8 Rxh6 0-1

[Event "Titled Tue 1st Jul Early"]
[Site "chess.com INT"]
[Date "2025.07.01"]
[Round "5"]
[White "Begunov, Konstantin"]
[Black "Troltenier, Dirk"]
[Result "1-0"]
[WhiteTitle "FM"]
[BlackTitle "FM"]
[WhiteElo "2325"]
[BlackElo "2174"]
[WhiteFideId "4118510"]
[BlackFideId "4606400"]
[EventDate "2025.07.01"]

1. d4 d5 2. c4 e6 3. Nc3 c5 4. cxd5 exd5 5. Nf3 Nc6 6. g3 Nf6 7. Bg2 Be7 8. O-O
O-O 9. Bg5 cxd4 10. Nxd4 h6 11. Be3 Re8 12. Nxc6 bxc6 13. Na4 Bf5 14. Rc1 Bf8
15. Rxc6 Bd7 16. Rc1 Qa5 17. Nc3 Be6 18. Bd4 Ne4 19. a3 Rab8 20. Qa4 Qxa4 21.
Nxa4 Nd2 22. Rfd1 Nb3 23. Rc7 Nxd4 24. Rxd4 a6 25. e3 a5 26. Bxd5 Bd6 27. Ra7
Be5 28. Bxe6 Bxd4 29. Bxf7+ Kf8 30. exd4 Red8 31. d5 Rb3 32. Be6 Rd3 33. Rxa5
Ke7 34. Ra7+ Kf6 35. Rf7+ Kg6 36. Nc5 Rd2 37. b4 Ra2 38. Nd3 Rxa3 39. Ne5+ Kh7
40. Bf5+ Kg8 41. Rb7 Rb3 42. h4 Re8 43. Ng6 Re2 44. Be6+ Kh7 45. h5 Rb1+ 46. Kg2
Rbb2 47. Rb8 Rxf2+ 48. Kh3 Rh2+ 49. Kg4 Rxb4+ 50. Rxb4 Rc2 51. Nf8+ Kh8 52. Nd7
Rc3 53. Ne5 Kh7 54. Rb7 Rc4+ 55. Kf5 Rc8 56. g4 Rf8+ 57. Bf7 Rd8 58. Ke6 Kh8 59.
d6 Kh7 60. d7 Kh8 61. Nc6 Kh7 62. Nxd8 Kh8 63. Nc6 Kh7 64. Ne5 g5 65. Bg6+ Kg7
66. d8=Q# 1-0

[Event "Titled Tue 1st Jul Early"]
[Site "chess.com INT"]
[Date "2025.07.01"]
[Round "5"]
[White "Zlatin, Alexander"]
[Black "Weetik, Vjacheslav"]
[Result "0-1"]
[WhiteTitle "FM"]
[BlackTitle "FM"]
[WhiteElo "2313"]
[BlackElo "2423"]
[WhiteFideId "2810549"]
[BlackFideId "4153472"]
[EventDate "2025.07.01"]

1. e4 c5 2. Nf3 Nc6 3. d4 cxd4 4. c3 dxc3 5. Nxc3 e6 6. Bc4 a6 7. O-O Nge7 8.
Bf4 Ng6 9. Bg3 d6 10. Qd2 Bd7 11. Bxd6 Bxd6 12. Qxd6 Qe7 13. Rfd1 Qxd6 14. Rxd6
Ke7 15. Rad1 Rhd8 16. Ng5 Nge5 17. Bb3 h6 18. Nf3 Nxf3+ 19. gxf3 g5 20. Na4 Be8
21. Rxd8 Rxd8 22. Nc5 Rb8 23. Nd3 Nd4 24. Kg2 Rd8 25. Nc1 Nxb3 26. Rxd8 Nxc1 27.
Rb8 Bc6 28. a3 Nd3 29. b4 h5 30. h4 gxh4 31. Kh3 Ne5 32. f4 Nd3 33. f3 Nxf4+ 34.
Kxh4 Kf6 35. a4 Bxa4 36. Rxb7 Bb5 37. Kg3 Ng6 38. f4 h4+ 39. Kg4 h3 40. e5+ Kg7
41. Kxh3 Nxf4+ 42. Kg4 Nd3 43. Kf3 Nxe5+ 44. Kf4 Nd3+ 45. Kg5 Nxb4 46. Rb8 Nc6
47. Rb7 Ne5 48. Kf4 Kf6 49. Rb8 Ng6+ 50. Kg4 Ne7 51. Ra8 e5 52. Kf3 Ke6 53. Ke3
f5 54. Rb8 Nd5+ 55. Kd2 f4 56. Rf8 e4 57. Ke1 e3 58. Rh8 f3 59. Rh6+ Kf5 60.
Rh5+ Kg4 61. Rh1 f2+ 62. Kd1 f1=Q+ 63. Rxf1 Bxf1 64. Kc2 Kf3 65. Kc1 Bd3 66. Kd1
Kf2 67. Kc1 e2 68. Kd2 e1=Q+ 69. Kxd3 Qc3+ 70. Ke4 Nb4 71. Kf5 Qe3 72. Kg4 a5
73. Kh4 a4 74. Kg4 a3 75. Kh4 a2 76. Kg4 a1=Q 77. Kh4 Qf6+ 78. Kh5 Qh3# 0-1

[Event "Titled Tue 1st Jul Early"]
[Site "chess.com INT"]
[Date "2025.07.01"]
[Round "5"]
[White "Aarit Kapil"]
[Black "Flynn, Jacob"]
[Result "1-0"]
[WhiteTitle "CM"]
[BlackTitle "CM"]
[WhiteElo "2020"]
[BlackElo "2275"]
[WhiteFideId "33408947"]
[BlackFideId "2509393"]
[EventDate "2025.07.01"]

1. Nf3 d5 2. g3 Nc6 3. Bg2 e5 4. d3 Nf6 5. O-O Bd6 6. Nbd2 O-O 7. a3 a5 8. Rb1
Re8 9. c4 d4 10. Qc2 Bc5 11. Ng5 Bg4 12. Nde4 Bf8 13. Nxf6+ Qxf6 14. Ne4 Qd8 15.
b3 h6 16. f4 Qd7 17. fxe5 Nxe5 18. b4 axb4 19. axb4 c6 20. Bf4 Ng6 21. Rf2 Ra3
22. Qb2 Rea8 23. Nc5 Qe7 24. Qxd4 Bxe2 25. Re1 Nxf4 26. Rxf4 Ra2 27. Re4 Qc7 28.
R4xe2 Rxe2 29. Rxe2 Ra1+ 30. Bf1 Ra3 31. Rf2 Bd6 32. Ne4 Be5 33. Qe3 Qd8 34. Qf3
f6 35. Kg2 Ra1 36. b5 Bd4 37. c5 Bxf2 38. Qxf2 Qd5 39. bxc6 bxc6 40. Qf3 Ra2+
41. Kh3 Qd4 42. Qf5 Qg1 43. Qe6+ Kh8 44. Qxa2 Qxf1+ 45. Qg2 Qf5+ 46. g4 Qe5 47.
Qf3 h5 48. Qf5 hxg4+ 49. Qxg4 Qd4 50. Qc8+ Kh7 51. Qf5+ Kh8 52. Qh5+ Kg8 53.
Qe8+ Kh7 54. Qh5+ Kg8 55. Qe2 Qd5 56. Kg3 Qe5+ 57. Kf3 Qd5 58. Kf2 Qd4+ 59. Qe3
Qb2+ 60. Kg3 Qe5+ 61. Qf4 Qd4 62. Qb8+ Kh7 63. Qd6 Qe3+ 64. Kg2 Qe2+ 65. Nf2 Qh5
66. Qxc6 Qg5+ 67. Kf1 Qc1+ 68. Ke2 Qb2+ 69. Kf3 Qd4 70. Qe4+ Qxe4+ 71. Nxe4 1-0

[Event "Titled Tue 1st Jul Early"]
[Site "chess.com INT"]
[Date "2025.07.01"]
[Round "5"]
[White "Kamalsyah, Muhammad"]
[Black "Perez Rojas, Jorge"]
[Result "1-0"]
[WhiteTitle "FM"]
[BlackTitle "FM"]
[WhiteElo "2314"]
[BlackElo "2100"]
[WhiteFideId "7105932"]
[BlackFideId "3452093"]
[EventDate "2025.07.01"]

1. d4 Nf6 2. Nf3 d5 3. g3 e6 4. Bg2 c6 5. O-O Bd6 6. c4 dxc4 7. Nc3 b5 8. Ng5 a6
9. a4 Nd5 10. axb5 O-O 11. Qc2 g6 12. bxa6 Nxa6 13. e4 Ndb4 14. Qd1 Be7 15. h4
Nd3 16. Be3 Bb7 17. Qe2 Nab4 18. b3 cxb3 19. Rab1 b2 20. e5 Ra3 21. Nge4 Ba6 22.
Qd2 Nd5 23. Bh6 Re8 24. Ne2 Bb4 25. Qc2 Be7 26. Qd2 N3b4 27. Rfd1 Rd3 28. Qxb2
Rxd1+ 29. Rxd1 Bb5 30. N2c3 Nxc3 31. Nxc3 Qa5 32. Nxb5 cxb5 33. Qc1 Nd5 34. Qb1
b4 35. h5 Nc3 36. Qd3 Nxd1 37. Qxd1 Qa3 38. d5 exd5 39. Bxd5 Bf8 40. Bxf8 Kxf8
41. hxg6 hxg6 42. Qg4 Qa1+ 43. Kg2 Qxe5 44. Qxb4+ Kg7 45. Bf3 Re7 46. Qc4 Qf6
47. Qg4 Qe6 48. Qd4+ Qe5 49. Qd2 f5 50. Qd8 Qf6 51. Bd5 Rf7 52. Qe8 Rf8 53. Qd7+
Kh6 54. Bf3 Qg7 55. Qd2+ Kh7 56. Qg5 Qf6 57. Qd2 Kg7 58. Qd7+ Rf7 59. Qe8 Qe7
60. Qa8 Qf6 61. Qe8 Rf8 62. Qe2 Rf7 63. Qb5 Re7 64. Bd5 Qe5 65. Qc6 1-0

[Event "Titled Tue 1st Jul Early"]
[Site "chess.com INT"]
[Date "2025.07.01"]
[Round "5"]
[White "Khalafvand, Dorsa Sadat"]
[Black "Babayeva, Nasrin"]
[Result "1/2-1/2"]
[WhiteTitle "WCM"]
[BlackTitle "WFM"]
[WhiteElo "1985"]
[BlackElo "1936"]
[WhiteFideId "36767522"]
[BlackFideId "13416626"]
[EventDate "2025.07.01"]

1. c4 e5 2. Nc3 Nc6 3. Nf3 f5 4. d4 e4 5. Bg5 Be7 6. Bxe7 Ngxe7 7. Nd2 Nxd4 8.
Ndxe4 Ne6 9. Nd2 O-O 10. e3 d5 11. Be2 d4 12. exd4 Nxd4 13. O-O b6 14. Nf3 Nxe2+
15. Qxe2 Ng6 16. Rad1 Qe8 17. Qxe8 Rxe8 18. Nd5 Ba6 19. Nxc7 Bxc4 20. Nxe8 Bxf1
21. Nc7 Be2 22. Rc1 Rd8 23. Ng5 Nf4 24. g3 Nd3 25. Rc3 Nxb2 26. Nce6 Rd1+ 27.
Kg2 Bf1+ 28. Kf3 Rd3+ 29. Rxd3 Bxd3 30. Ke3 Bb1 31. Nc7 Bxa2 32. Nb5 a5 33. Kd4
a4 34. Kc3 Nc4 35. Kb4 Bb3 36. Nd4 Na5 37. Nge6 Kf7 38. Nc7 Bd1 39. Ncb5 g6 40.
Nc3 Ke7 41. Nxd1 Kd6 42. Nc3 Ke5 43. Ndb5 a3 44. Kxa3 Nc4+ 45. Kb4 Nd2 46. f4+
Kf6 47. Na4 Nf1 48. Nxb6 Nxh2 49. Nc4 Nf1 50. Nd4 Nxg3 51. Ne5 Nh5 52. Ne2 Nxf4
53. Nd7+ Kg5 54. Nd4 h5 55. Kc4 h4 56. Kc3 Kg4 57. Kd2 Kg3 58. Ne5 h3 59. Nef3
h2 60. Nxh2 Kxh2 61. Ke3 g5 62. Nxf5 g4 63. Kxf4 g3 64. Nxg3 1/2-1/2

[Event "Titled Tue 1st Jul Early"]
[Site "chess.com INT"]
[Date "2025.07.01"]
[Round "5"]
[White "Skliarov, Viktor"]
[Black "Guliev, Gasan"]
[Result "1-0"]
[WhiteTitle "IM"]
[BlackTitle "CM"]
[WhiteElo "2334"]
[BlackElo "2123"]
[WhiteFideId "14106736"]
[BlackFideId "34165638"]
[EventDate "2025.07.01"]

1. e4 c5 2. Nf3 Nc6 3. Bb5 e6 4. Bxc6 bxc6 5. d3 Qc7 6. O-O Ne7 7. c3 Ng6 8. Qe2
Be7 9. d4 cxd4 10. cxd4 a5 11. Rd1 O-O 12. Nc3 d5 13. Na4 Ba6 14. Qe3 f5 15.
exf5 exf5 16. Bd2 Rae8 17. Re1 h6 18. Rac1 Bb5 19. Qb3 Bc4 20. Qc2 Nf4 21. Bxf4
Qxf4 22. b3 Bb5 23. Nc5 Bxc5 24. Qxc5 Re4 25. a4 Be2 26. Ne5 Bh5 27. Nxc6 Rfe8
28. Ne5 Kh7 29. Qxd5 Rxd4 30. Qxa5 Re4 31. Nd3 Qg5 32. Rf1 Rd4 33. Nb4 Rg4 34.
g3 Qf4 35. Qd5 Qxb4 36. Qg2 Qe4 37. h3 Qxg2+ 38. Kxg2 Rb4 39. Rc3 Bf7 40. Rb1
Reb8 41. a5 Rxb3 42. Rbxb3 Rxb3 43. Rc5 Ra3 44. Rxf5 Bg6 45. Rc5 Be4+ 46. Kf1
Ra1+ 47. Ke2 Ra2+ 48. Ke3 Bg6 49. h4 Bf7 50. f3 Ra3+ 51. Ke4 Bg6+ 52. Kf4 Ra4+
53. Ke3 Ra3+ 54. Kf4 Bd3 55. Ke5 Be2 56. f4 Bf3 57. Kd6 Kg6 58. Kc7 h5 59. Rg5+
Kf6 60. Kb6 g6 61. a6 Be4 62. a7 Bf5 63. Kb7 Rb3+ 64. Kc7 Ra3 65. Kb7 Ke6 66.
Kb8 Be4 67. Re5+ Kd6 68. Rxe4 Rb3+ 69. Kc8 Kd5 70. a8=Q+ Kd6 71. Qa6+ Rb6 72.
Qxb6+ Kd5 73. Qe6+ 1-0

[Event "Titled Tue 1st Jul Early"]
[Site "chess.com INT"]
[Date "2025.07.01"]
[Round "5"]
[White "Deng, Henry"]
[Black "Bozorov, Javohir"]
[Result "0-1"]
[WhiteTitle "FM"]
[BlackTitle "FM"]
[WhiteElo "2293"]
[BlackElo "2039"]
[WhiteFideId "30965454"]
[BlackFideId "14216957"]
[EventDate "2025.07.01"]

1. Nf3 d5 2. b3 Bg4 3. Bb2 Bxf3 4. exf3 e6 5. g3 Nf6 6. Bg2 Be7 7. O-O O-O 8. f4
Nbd7 9. d3 c6 10. Re1 Ne8 11. Nd2 Bf6 12. c3 Nd6 13. Qc2 Re8 14. Nf3 Qc7 15. Ne5
Nf5 16. d4 g6 17. Rad1 Bg7 18. c4 Rac8 19. h4 f6 20. Nd3 Kf7 21. h5 Bf8 22. Qe2
Ng7 23. hxg6+ hxg6 24. Bf3 Nf5 25. Kg2 Bg7 26. Rh1 Rh8 27. Rde1 Qd6 28. Nc5 Rxh1
29. Kxh1 Nxc5 30. dxc5 Qd7 31. Kg2 Re8 32. Rd1 d4 33. Be4 e5 34. Qf3 Kg8 35. Kg1
Qe6 36. Re1 Ne7 37. Bb1 Qf7 38. Qg4 f5 39. Qd1 e4 40. Kg2 Rd8 41. Qd2 d3 42. b4
Bxb2 43. Qxb2 Qg7 44. Qxg7+ Kxg7 45. a3 Rd4 46. Ba2 Ng8 47. f3 Nf6 48. Kf2 d2
49. Rd1 Rd3 50. Ke2 Rxa3 51. Rxd2 exf3+ 52. Kf1 Ne4 53. Rd7+ Kf6 54. Bb1 Ra1 55.
Rd1 Rxb1 56. Rxb1 Nd2+ 57. Kf2 Nxb1 58. Kxf3 Nc3 59. Ke3 Ne4 60. g4 Ke6 61. g5
b6 62. cxb6 axb6 63. Kd4 Nd6 64. c5 Nb5+ 65. Kc4 bxc5 66. Kxc5 Kd7 67. Kc4 Nc7
68. Kc5 Nd5 69. Kd4 Nxf4 70. Ke5 Nd5 71. b5 f4 72. bxc6+ Kxc6 73. Ke4 Kd6 74.
Kf3 Ke5 75. Kg4 Ke4 76. Kh4 Kf5 77. Kh3 Kxg5 78. Kg2 Kf5 79. Kf3 g5 80. Kf2 Nf6
81. Kg2 g4 82. Kf2 Ne4+ 83. Ke2 Ng5 84. Kd3 g3 85. Kd4 Kg4 86. Kd5 f3 87. Kd6 g2
88. Ke7 f2 89. Kf6 f1=Q+ 90. Kg7 Qf7+ 91. Kh6 Qh7# 0-1

[Event "Titled Tue 1st Jul Early"]
[Site "chess.com INT"]
[Date "2025.07.01"]
[Round "5"]
[White "Levitan, Caleb Levi"]
[Black "Rabin, Evan"]
[Result "0-1"]
[WhiteTitle "FM"]
[WhiteElo "2399"]
[BlackElo "1945"]
[WhiteFideId "14332620"]
[BlackFideId "2028670"]
[EventDate "2025.07.01"]

1. e4 Nf6 2. e5 Nd5 3. d4 d6 4. exd6 cxd6 5. c4 Nb6 6. Nc3 g6 7. Nf3 Bg7 8. Be3
O-O 9. Rc1 Bg4 10. b3 Nc6 11. Be2 d5 12. c5 Nc8 13. O-O e6 14. b4 a6 15. Rb1
N8e7 16. a4 Nf5 17. b5 Bxf3 18. bxc6 Bxe2 19. Nxe2 bxc6 20. Rb6 e5 21. dxe5 Bxe5
22. Rxc6 Nxe3 23. fxe3 Qh4 24. Nf4 Bxf4 25. exf4 Rfd8 26. Rd6 Rxd6 27. cxd6 Rd8
28. Qxd5 Qf6 29. d7 Qe7 30. Rd1 Qe3+ 31. Kh1 Qxf4 32. Re1 Qf6 33. h3 Kg7 34. Re4
Qa1+ 35. Kh2 Qf6 36. h4 h5 37. Kh3 Qc3+ 38. g3 Qa1 39. Rf4 f5 40. Kg2 Qb2+ 41.
Rf2 Qf6 42. Re2 f4 43. Re6 Qb2+ 44. Kh3 fxg3 45. Re7+ Kh8 46. Qg2 Qf6 47. Re3
Qf5+ 48. Kxg3 Qg4+ 49. Kf2 Qxh4+ 50. Qg3 Qxg3+ 51. Kxg3 Rxd7 52. Re6 Kg7 53.
Rxa6 Kh6 54. a5 Rd3+ 55. Kf4 Ra3 56. Ra8 Ra4+ 57. Kg3 Kg5 58. a6 Ra3+ 59. Kf2
Kg4 60. Rg8 Rxa6 61. Kg2 g5 62. Rh8 Ra2+ 63. Kf1 h4 64. Rd8 Ra3 65. Kg2 h3+ 66.
Kh2 Ra4 67. Rd3 Ra2+ 68. Kh1 Kh4 69. Rd4+ g4 70. Rd3 Rf2 71. Rd8 Kg3 72. Rd3+
Rf3 73. Rd1 Kf2 74. Rd2+ Ke3 75. Rd1 g3 76. Re1+ Kd2 77. Rg1 g2+ 78. Kh2 Rf1 79.
Rxg2+ 0-1

[Event "Titled Tue 1st Jul Early"]
[Site "chess.com INT"]
[Date "2025.07.01"]
[Round "5"]
[White "Stevik, Patrik"]
[Black "Akshat Sureka"]
[Result "1-0"]
[WhiteTitle "FM"]
[BlackTitle "FM"]
[WhiteElo "2314"]
[BlackElo "2339"]
[WhiteFideId "14944812"]
[BlackFideId "25774492"]
[EventDate "2025.07.01"]

1. Nf3 Nf6 2. g3 d5 3. Bg2 c6 4. O-O Bf5 5. d3 h6 6. c4 e6 7. Qb3 Qb6 8. Nc3
Nbd7 9. cxd5 exd5 10. Qc2 Be7 11. e4 dxe4 12. dxe4 Bh7 13. Rd1 O-O 14. Qe2 Nc5
15. e5 Nfe4 16. e6 fxe6 17. Be3 Nxc3 18. bxc3 Qa6 19. Qxa6 Nxa6 20. Rd7 Bc5 21.
Nd4 Rf7 22. Rxf7 Kxf7 23. Re1 e5 24. Nb3 Bxe3 25. Rxe3 Rd8 26. Bf1 Rd1 27. Kg2
Kf6 28. Bxa6 bxa6 29. Nc5 a5 30. a4 Bc2 31. h4 Rd5 32. Ne4+ Kf5 33. f3 Bxa4 34.
c4 Rd4 35. Rc3 Bd1 36. Kf2 Bxf3 37. Nc5 Bg4 38. Nb3 Re4 39. Nxa5 Re2+ 40. Kg1 c5
41. Nb7 e4 42. Nxc5 e3 43. Nd3 Rd2 44. c5 e2 45. Ne1 Rd1 46. Kf2 Rd2 47. c6 Rd8
48. c7 Rc8 49. Rc4 Kg6 50. Rxg4+ Kf5 51. Rc4 a6 52. Kxe2 a5 53. Nd3 Ke6 54. Rc5
a4 55. Ra5 Rxc7 56. Rxa4 Kf6 57. Ra6+ Kf7 58. Ke3 Rc3 59. Ke4 Rc4+ 60. Ke3 Rc3
61. g4 g5 62. h5 Kg7 63. Kd4 Rb3 64. Ne5 Rb4+ 65. Kd5 Rf4 66. Ke6 Kh7 67. Ra7+
Kh8 68. Ng6+ Kg8 69. Nxf4 gxf4 70. Kf6 f3 71. Kg6 f2 72. Ra8# 1-0

[Event "Titled Tue 1st Jul Early"]
[Site "chess.com INT"]
[Date "2025.07.01"]
[Round "5"]
[White "Kanyamarala, Trisha"]
[Black "Craciun, Sasha-Matei"]
[Result "1/2-1/2"]
[WhiteTitle "WIM"]
[BlackTitle "FM"]
[WhiteElo "2233"]
[BlackElo "2320"]
[WhiteFideId "45004722"]
[BlackFideId "1281186"]
[EventDate "2025.07.01"]

1. c4 Nf6 2. Nc3 e6 3. e4 d5 4. e5 Nfd7 5. d4 dxc4 6. Bxc4 Nb6 7. Bb5+ Bd7 8.
Be2 c5 9. Nf3 Nc6 10. Bg5 Qc8 11. O-O h6 12. Bh4 cxd4 13. Nb5 a6 14. Nbxd4 Bc5
15. Nb3 Be7 16. Bxe7 Nxe7 17. Rc1 Bc6 18. Qd6 Nf5 19. Qc5 Nd7 20. Qa3 Qd8 21.
Na5 Bd5 22. Nc4 Bxc4 23. Rxc4 Ne7 24. Rfc1 Nc6 25. Nd4 Ndxe5 26. Nxc6 Nxc6 27.
Rg4 g6 28. Bf3 Qe7 29. Rxc6 bxc6 30. Bxc6+ Kf8 31. Bxa8 Qxa3 32. bxa3 Ke7 33.
Bf3 Rc8 34. h4 h5 35. Ra4 Rc1+ 36. Kh2 Ra1 37. Rxa6 Rxa2 38. Kg3 Kf6 39. a4 Kf5
40. Ra7 f6 41. a5 g5 42. hxg5 fxg5 43. Bxh5 Ra3+ 44. f3 e5 45. Bg4+ Kf6 46. a6
e4 47. Kf2 e3+ 48. Ke2 Ke5 49. Re7+ Kf4 50. Re4+ Kg3 51. Rxe3 Ra2+ 52. Kd3 Rxa6
53. Bh3 Ra3+ 54. Ke4 Ra5 55. Rd3 Kf2 56. Rd5 Ra4+ 57. Kf5 g4 58. Bxg4 Kg3 59.
Kf6 Rf4+ 60. Ke6 Rf8 61. Bf5 Kf4 62. g4 Re8+ 63. Kf6 Rf8+ 64. Kg7 Re8 65. Rd4+
Kg5 66. Rc4 Re7+ 67. Kf8 Ra7 68. Rc5 Kf6 69. Bc8 Rf7+ 70. Ke8 Re7+ 71. Kd8 Re3
72. Rf5+ Kg7 73. Bd7 Rd3 74. g5 Re3 75. g6 Kxg6 76. Rf4 Kg5 77. Rf8 Rd3 78. f4+
Kg6 79. f5+ Kg7 80. Re8 Kf6 81. Re7 Ra3 82. Re8 Ra8+ 83. Kc7 Rxe8 84. Bxe8 Kxf5 1/2-1/2

[Event "Titled Tue 1st Jul Early"]
[Site "chess.com INT"]
[Date "2025.07.01"]
[Round "5"]
[White "Gasparyan, Erik R."]
[Black "Habans Aguerrea, Javier"]
[Result "0-1"]
[WhiteTitle "IM"]
[BlackTitle "IM"]
[WhiteElo "2372"]
[BlackElo "2448"]
[WhiteFideId "13315730"]
[BlackFideId "24524689"]
[EventDate "2025.07.01"]

1. Nf3 d5 2. g3 Nf6 3. Bg2 Bf5 4. O-O e6 5. c4 c6 6. Qb3 Qb6 7. d3 Nbd7 8. Nc3
h6 9. Be3 Bc5 10. Bxc5 Nxc5 11. Qxb6 axb6 12. cxd5 exd5 13. Nd4 Bg6 14. a3 O-O
15. Rfe1 Rfe8 16. Bf3 Ncd7 17. Rac1 Ne5 18. Bg2 Re7 19. h3 Rae8 20. Red1 Ned7
21. Bf3 h5 22. Kf1 Ne5 23. Bg2 Ned7 24. Rd2 b5 25. Nd1 Nb6 26. Ne3 Ra8 27. Bf3
Nbd7 28. Nef5 Bxf5 29. Nxf5 Re6 30. Nd4 Ree8 31. Rdc2 Ne5 32. Bg2 g6 33. f4 Ned7
34. Kf2 Kg7 35. Bf3 Ra4 36. e3 b4 37. axb4 Rxb4 38. Ra1 Rb8 39. Ra7 Nb6 40. Ke2
Ne8 41. Kd2 Nd6 42. Ra5 Ra8 43. Rxa8 Nxa8 44. b3 Rb6 45. Ra2 Nc7 46. Kc2 Na6 47.
Ra4 c5 48. Ne2 Rc6 49. Nc3 Nf5 50. Kd2 Nxg3 51. Bxd5 Rb6 52. e4 h4 53. Bc4 Nh5
54. Ke3 Nb4 55. Nd5 Nxd5+ 56. Bxd5 Nf6 57. Bc4 Kh6 58. e5 Nh5 59. Bxf7 Ng7 60.
Ke4 Nf5 61. Bc4 Ng3+ 62. Kf3 Nf5 63. Kg4 Ne3+ 64. Kxh4 Nc2 65. Ra8 Kg7 66. Rg8+
Kh7 67. Rd8 Nd4 68. Rd6 Nf5+ 69. Kg5 Nxd6 70. exd6 Rxd6 71. h4 Kg7 72. Bb5 Rd4
73. Kg4 Rb4 74. Bc4 b5 75. Be6 Rd4 76. Kg5 Rxd3 77. h5 gxh5 78. f5 Rf3 79. Bd5
Rf2 80. Bc6 c4 81. bxc4 bxc4 82. Be4 c3 83. Bd3 c2 84. f6+ Kf8 85. Bxc2 Rxc2 86.
Kxh5 Kf7 0-1

[Event "Titled Tue 1st Jul Early"]
[Site "chess.com INT"]
[Date "2025.07.01"]
[Round "5"]
[White "Wong, Yinn Long"]
[Black "Erten, Kerem"]
[Result "1-0"]
[WhiteTitle "FM"]
[BlackTitle "FM"]
[WhiteElo "2300"]
[BlackElo "2374"]
[WhiteFideId "5707684"]
[BlackFideId "34588221"]
[EventDate "2025.07.01"]

1. e4 e5 2. Nf3 Nc6 3. Bc4 Nf6 4. d3 Bc5 5. c3 a6 6. O-O d6 7. a4 Ba7 8. Nbd2 h6
9. Re1 O-O 10. h3 Re8 11. b4 Be6 12. Qb3 d5 13. exd5 Bxd5 14. Bxd5 Nxd5 15. Nc4
b5 16. Ncxe5 Nxe5 17. Rxe5 Rxe5 18. Nxe5 Qd6 19. d4 c6 20. Bf4 Qf6 21. Bg3 Rd8
22. axb5 Nxc3 23. Qxc3 Bxd4 24. Qc1 Bxa1 25. Qxa1 cxb5 26. Qa2 h5 27. Nf3 Qc3
28. Ne5 h4 29. Qxf7+ Kh7 30. Qh5+ Kg8 31. Qf7+ Kh7 32. Qf5+ Kg8 33. Bxh4 Rd1+
34. Kh2 Qxb4 35. Qf7+ Kh7 36. Qh5+ Kg8 37. Qxd1 Qxh4 38. Qd5+ Kh7 39. Qd3+ Kg8
40. Qb3+ Kh7 41. Qc2+ Kg8 42. Qc8+ Kh7 43. Qf5+ Kg8 44. Ng6 Qd8 45. Qe6+ Kh7 46.
Ne5 Qb8 47. f4 b4 48. Qxa6 b3 49. Qd3+ Kh8 50. Qb1 Qb4 51. Nd3 Qc4 52. Kg3 Qc3
53. Kf3 Kg8 54. Ke4 Qc4+ 55. Ke3 Qc3 56. g4 Qc4 57. Kd2 Qd5 58. Qb2 Qg2+ 59. Kc3
Qxh3 60. Qxb3+ Kh7 61. Qe6 Qf1 62. Qf5+ Kg8 63. Kd4 Qa1+ 64. Ke4 Qa4+ 65. Ke3
Qd1 66. Qe6+ Kh7 67. Qe4+ Kg8 68. Qf3 Qb3 69. f5 Qb6+ 70. Ke2 Qb1 71. Qd5+ Kh7
72. Qf3 Qg1 73. Nf2 Qa1 74. Ne4 Qb2+ 75. Kf1 Qc1+ 76. Kg2 Qb2+ 77. Kg3 Qc1 78.
g5 Qc7+ 79. Qf4 Qb7 80. g6+ Kg8 81. Ng5 Qb3+ 82. Qf3 Qb8+ 83. Kg4 Qb4+ 84. Kh5
Qa4 85. Qd5+ Kh8 86. Qd8+ 1-0

[Event "Titled Tue 1st Jul Early"]
[Site "chess.com INT"]
[Date "2025.07.01"]
[Round "6"]
[White "Qin, Kevin"]
[Black "Fernandez Siles, Luis"]
[Result "0-1"]
[BlackTitle "FM"]
[WhiteElo "2017"]
[BlackElo "2170"]
[WhiteFideId "2627949"]
[BlackFideId "2209420"]
[EventDate "2025.07.01"]

1. c4 Nf6 2. Nc3 g6 3. e4 d6 4. g3 Bg7 5. Bg2 O-O 6. Nge2 c5 7. O-O Nc6 8. Rb1
Bg4 9. h3 Bxe2 10. Nxe2 Ne8 11. d3 Nc7 12. a3 a5 13. Be3 Ne6 14. f4 Ned4 15. f5
Nxe2+ 16. Qxe2 Bd4 17. Kh2 Bxe3 18. Qxe3 Kg7 19. Rf2 Ne5 20. Rbf1 f6 21. g4 g5
22. Qg3 h5 23. Rd1 hxg4 24. hxg4 Rh8+ 25. Kg1 Rh4 26. Bf3 Qh8 27. Rh2 Rxh2 0-1